История великих путешествий: В 3 кн. Пер. с фр.; Кн. 1. Открытие Земли

書目詳細資料
主要作者: Верн Ж. Жюль
其他作者: Невский В. (составитель)
語言:俄语
出版: Москва, Терра, 1993
主題:
格式: MixedMaterials 圖書
KOHA link:https://koha.lib.tpu.ru/cgi-bin/koha/opac-detail.pl?biblionumber=125764

MARC

LEADER 00000nam0a2200000 4500
001 125764
005 20231101215942.0
010 |a 5852552364 
035 |a (RuTPU)RU\TPU\book\136077 
090 |a 125764 
100 |a 20071120g1993 m y0rusy5003 ca 
101 1 |a rus  |c fre 
102 |a RU 
105 |a a z 000ad 
200 1 |a История великих путешествий  |e В 3 кн. Пер. с фр.   |h Кн. 1. Открытие Земли  |f Ж. Верн  |g сост. В. Невский 
210 |a Москва  |c Терра  |d 1993 
215 |d 22 см  |e (ил., карты)  |a 567 с. 
320 |a Библиогр.: с. 563-567 
610 1 |a Географические открытия и исследования 
610 1 |a Путешествия 
610 1 |a история 
610 1 |a французская литература 
610 1 |a романы 
675 |a 84  |z rus  |v 3 
675 |a 910.4  |z rus  |v 3 
700 1 |a Верн  |b Ж.  |c французский писатель  |f 1828-1905  |g Жюль  |2 stltpush  |3 (RuTPU)RU\TPU\pers\20608  |9 8348 
702 1 |a Невский  |b В.  |4 220 
801 0 |a RU  |b RuMRKP  |c 19960630  |g psbo 
801 1 |a RU  |b 63413507  |c 20071120  |g PSBO 
801 2 |a RU  |b 63413507  |c 20180115  |g PSBO 
942 |c BK